Vplyv emócií pri obchodovaní na burze

Psychika ovplyvňuje naše rozhodnutia v oveľa väčšej miere, ako by sme boli ochotní pripustiť. Nielen kvalita informácií či rýchlosť našich rozhodnutí, nám zabezpečia úspech na trhu, ale tiež pravidlá, ktoré budeme mechanicky dodržiavať a nedovolíme našim emóciám, aby nám do toho zasahovali. Je teda...

Ausführliche Beschreibung

Gespeichert in:
Bibliographische Detailangaben
1. Verfasser: Badura, Peter, 1978-
Weitere Verfasser: Adamík, Kamil
Format: Buchkapitel
Sprache:Slowakisch
Schlagworte:
Tags: Tag hinzufügen
Keine Tags, Fügen Sie das erste Tag hinzu!

MARC

LEADER 00000nla a2200000 4500
001 0180073
005 20240502073048.8
041 0 |a slo 
044 |a SK 
245 1 0 |a Vplyv emócií pri obchodovaní na burze  |c Peter Badura, Kamil Adamík 
520 |a Psychika ovplyvňuje naše rozhodnutia v oveľa väčšej miere, ako by sme boli ochotní pripustiť. Nielen kvalita informácií či rýchlosť našich rozhodnutí, nám zabezpečia úspech na trhu, ale tiež pravidlá, ktoré budeme mechanicky dodržiavať a nedovolíme našim emóciám, aby nám do toho zasahovali. Je teda podstatné uvedomovať si svoje kognitívne limity a emočné pochody a vedieť správne posilniť prvé a pribrzdiť druhé za účelom čo najlepšieho výkonu. 
610 2 0 |a obchody burzové 
610 2 0 |a psychológia 
100 1 |a Badura, Peter, 1978- 
700 1 |a Adamík, Kamil